Nemožné se děje : mozaika příběhů v žánru re-pre /

Hlavní autor: Erbrt, Vojtěch, 1993-
Další autoři: Hloušek, Jan, Hloušková, Zuzana, 1974-, Kováč, Milan, Pirochová, Dagmar, Salášková, Veronika, Svoboda, Jaroslav, 1980-, Vondráček, Martin, 1985-
Jazyk: Slovenština
Čeština
Vydáno: Hradec Králové : Fortna, 2022
Vydání: 1. vydání
Témata:
Fyzický popis: 369 stran : ilustrace ; 15 cm
Language note: Částečně slovenský text
Knihy
Uloženo v:
LEADER 02493nam a2200637 i 4500
001 nkc20223457281
003 CZ PrNK
005 20221130072921.0
007 ta
008 220927s2022 xr a g 000 j cze
015 |a cnb003457281 
020 |a 978-80-907824-7-1  |q (brožováno) 
035 |a (OCoLC)1354196172 
040 |a BOA001  |b cze  |e rda 
041 0 |a cze  |a slo 
043 |a e-xr--- 
045 |a y-y- 
072 7 |a 821.162.3-3  |x Česká próza  |2 Konspekt  |9 25 
080 |a 821.162.3-32  |2 MRF 
080 |a 82-321.9  |2 MRF 
080 |a (437.3)  |2 MRF 
080 |a (0:82-321.9)  |2 MRF 
080 |a (082.21)  |2 MRF 
100 1 |a Erbrt, Vojtěch,  |d 1993-  |7 mzk2016911813  |4 aut 
245 1 0 |a Nemožné se děje :  |b mozaika příběhů v žánru re-pre /  |c Vojtěch Erbrt, Jan Hloušek, Zuzana Hloušková, Milan Kováč, Dagmar Pirochová, Veronika Salášková, Jaroslav Svoboda, Martin Vondráček 
250 |a 1. vydání 
264 1 |a Hradec Králové :  |b Fortna,  |c 2022 
300 |a 369 stran :  |b ilustrace ;  |c 15 cm 
336 |a text  |b txt  |2 rdacontent 
337 |a bez média  |b n  |2 rdamedia 
338 |a svazek  |b nc  |2 rdacarrier 
500 |a Obálkový podnázev: mozaika příběhů v žánru re-pre 000:000:004 
546 |a Částečně slovenský text 
648 7 |a 21. století  |7 ch460559  |2 czenas 
650 0 7 |a česká povídka  |7 ph128146  |y 21. století  |2 czenas 
650 0 7 |a vědecko-fantastická povídka  |7 ph188872  |z Česko  |y 21. století  |2 czenas 
650 0 9 |a Czech short stories  |y 21st century  |2 eczenas 
650 0 9 |a science fiction short stories  |z Czechia  |y 21st century  |2 eczenas 
655 7 |a české povídky  |7 fd133971  |2 czenas 
655 7 |a vědecko-fantastické povídky  |7 fd133845  |2 czenas 
655 7 |a antologie  |7 fd131819  |2 czenas 
655 9 |a Czech short stories  |2 eczenas 
655 9 |a science fiction short stories  |2 eczenas 
655 9 |a anthology  |2 eczenas 
700 1 |a Hloušek, Jan  |7 jx20071115019  |4 aut 
700 1 |a Hloušková, Zuzana,  |d 1974-  |7 mzk2004265349  |4 aut 
700 1 |a Kováč, Milan  |4 aut 
700 1 |a Pirochová, Dagmar  |7 mzk2017939684  |4 aut 
700 1 |a Salášková, Veronika  |7 mzk2018998040  |4 aut 
700 1 |a Svoboda, Jaroslav,  |d 1980-  |7 jx20080107006  |4 aut 
700 1 |a Vondráček, Martin,  |d 1985-  |7 av20191036164  |4 aut 
910 2 |a BOA001  |b S-1495.790 
990 |a BK 
995 |a 01 
991 |b 202211  |c NOV 
996 6 |b 2610920891  |c S-1495.790  |l MZK  |r Sklad / do 24 hodin  |n 0  |p p.v.  |w 001905097  |u 000010  |a 1  |e BOA001  |j MZK50  |s P